000 00673nas a2200241 4500
001 BR9404576
003 BR-BrBNA
005 20231205093632.0
007 ta
008 230509b bl.|||p| |||| 00| 00por d
040 _aBR-BrBNA
_bpor
_cBiblioteca Nacional de Agricultura
041 _a(Pt)
072 _aN20; Q02
100 1 _aAnon.
245 1 _aAgua no leite e lucro na certa
650 _aLeite
650 _aInstalacao Agricola
650 _aResfriamento
650 _aPreservacao de Alimento
773 0 _tGlobo Rural (Brazil)
_xISSN 0102-6178
_g(Jan 1987), v. 2(16) p. 83-85
_wBR9404576
909 _a202311
_bLúcia
_c55
_dLúcia Elande
942 _2AGRIS
_n0
_cANA
999 _c139581
_d139581